000 00897nam a22002177a 4500
003 JO-AjAnu
005 20251012091557.0
008 251011b jo ||||| |||| 00| 0 ara d
020 _a9789957338824
040 _aJO-AjAnu
_bara
_cJO-AjAnu
_dJO-AjAnu
_erda
041 _aara
_hara
050 _aGV435
_b2022
100 1 _aغازي، محمد عاصم
_eمؤلف
_966738
245 0 _aالتقويم في التربية الرياضية بين التحولات الرقمية ومسرعات الانجاز الرياضي /
_cمحمد عاصم غازي
250 _aالطبعة الاولى
260 _aعمان :
_bمؤسسة الوراق للنشر والتوزيع،
_c2022
300 _a141 صفحة
504 _aيحتوي على قائمة مراجع
650 7 0 _aالتربية الرياضية-الانجاز الرياضي- العصر الرقمي
_966739
942 _2lcc
_cBK
_n0
999 _c34037
_d34037